|
|
|
|
| LEADER |
00000cam a2200000 7i4500 |
| 001 |
0000001732 |
| 005 |
20011107.0 |
| 090 |
0 |
0 |
|a 634.909595
|b VIN 1965
|
| 100 |
1 |
0 |
|a VINCENT
|h A. J.
|
| 245 |
1 |
0 |
|a Commercial general volume tables for the commercially more important indigenous forest tree species of inland forest, Malaya
|c A. J. Vincent and K. Segaran
|
| 260 |
0 |
0 |
|a (Kepong :
|b Forest Research Institute ,
|c 1965
|
| 300 |
|
|
|a 40 p. :
|b tables ;
|c 30 cm.
|
| 440 |
0 |
0 |
|a Malayan forest record; n. 24
|
| 500 |
0 |
0 |
|a Includes index
|
| 650 |
0 |
0 |
|a Forests and forestry
|z Malaysia
|
| 650 |
0 |
0 |
|a Trees
|
| 700 |
0 |
1 |
|a Sandrasegaran
|h K.
|
| 998 |
|
|
|a JPSM
|
| 999 |
|
|
|a 0000002731
|b Monograph
|c Open Shelf
|e Default branch
|
| 999 |
|
|
|a 0000002732
|b Monograph
|c Open Shelf
|e Default branch
|
| 999 |
|
|
|a 0000002733
|b Monograph
|c Open Shelf
|e Default branch
|
| 999 |
|
|
|a 0000002734
|b Monograph
|c Open Shelf
|e Default branch
|
| 999 |
|
|
|a 0000002735
|b Monograph
|c Open Shelf
|e Default branch
|
| 999 |
|
|
|a 0000004565
|b Monograph
|c Open Shelf
|e Default branch
|
| 999 |
|
|
|a 0000004566
|b Monograph
|c Open Shelf
|e Default branch
|
| 999 |
|
|
|a 0000004567
|b Monograph
|c Open Shelf
|e Default branch
|